[Event "Deutsche Ländermeisterschaft 2017"]
[Site "Hannover GER"]
[Date "2017.09.30"]
[Round "1"]
[White "Wagner, Leopold Franziskus"]
[Black "Schmidek, Emil"]
[Result "0-1"]
[Termination "normal"]
[Board "4.2"]
[BlackTitle "FM"]
[WhiteElo "2058"]
[BlackElo "2414"]
[WhiteClock "00:20:29"]
[BlackClock "00:01:41"]
[WhiteTeam "Nordrhein-Westfalen"]
[BlackTeam "Berlin"]
[PlyCount "74"]
[WhiteFideId "1641581"]
[BlackFideId "12908150"]
[EventCountry "GER"]
[EventRounds "7"]
[EventType "team-swiss"]
[EventDate "2017.09.29"]

1. d4 {[%clk 1:30:48]} Nf6 {[%clk 1:30:54]} 2. c4 {[%clk 1:31:09]} g6 {[%clk
1:31:20]} 3. Nc3 {[%clk 1:31:21]} Bg7 {[%clk 1:31:46]} 4. e4 {[%clk 1:31:14]}
d6 {[%clk 1:32:08]} 5. Nf3 {[%clk 1:31:13]} O-O {[%clk 1:32:26]} 6. Be2 {[%clk
1:31:22]} Nc6 {[%clk 1:31:40]} 7. O-O {[%clk 1:30:42]} e5 {[%clk 1:32:03]} 8.
d5 {[%clk 1:28:29]} Ne7 {[%clk 1:32:11]} 9. Qc2 {[%clk 1:24:54]} Nd7 {[%clk
1:30:01]} 10. a3 {[%clk 1:21:14]} h6 {[%clk 1:23:09]} 11. b4 {[%clk 1:20:02]}
f5 {[%clk 1:21:53]} 12. Bb2 {[%clk 1:19:04]} Nf6 {[%clk 1:20:20]} 13. Nd2
{[%clk 1:14:53]} f4 {[%clk 1:18:00]} 14. c5 {[%clk 1:14:13]} a6 {[%clk
1:06:42]} 15. Rac1 {[%clk 1:09:43]} g5 {[%clk 1:03:47]} 16. Na4 {[%clk
1:09:06]} Bd7 {[%clk 1:01:03]} 17. Qb3 {[%clk 1:03:02]} Kh8 {[%clk 0:57:46]}
18. b5 {[%clk 1:02:03]} axb5 {[%clk 0:51:57]} 19. Bxb5 {[%clk 0:57:04]} Bxb5
{[%clk 0:48:22]} 20. Qxb5 {[%clk 0:53:32]} c6 {[%clk 0:47:57]} 21. dxc6 {[%clk
0:52:00]} bxc6 {[%clk 0:48:16]} 22. Qb3 {[%clk 0:51:49]} Qa5 {[%clk 0:38:03]}
23. cxd6 {[%clk 0:47:59]} Nc8 {[%clk 0:36:12]} 24. Nc3 {[%clk 0:47:00]} Nxd6
{[%clk 0:36:09]} 25. Nc4 {[%clk 0:46:19]} Nxc4 {[%clk 0:32:59]} 26. Qxc4 {[%clk
0:46:24]} f3 {[%clk 0:31:14]} 27. g3 {[%clk 0:41:02]} Qc7 {[%clk 0:24:01]} 28.
Qe6 {[%clk 0:36:42]} Rae8 {[%clk 0:20:05]} 29. Qc4 {[%clk 0:35:29]} Rd8 {[%clk
0:11:30]} 30. Rfd1 {[%clk 0:30:10]} Ng4 {[%clk 0:08:08]} 31. Qc5 {[%clk
0:28:02]} Qf7 {[%clk 0:06:24]} 32. Rxd8 {[%clk 0:22:08]} Rxd8 {[%clk 0:06:35]}
33. Rd1 {[%clk 0:22:08]} Rb8 {[%clk 0:03:14]} 34. Bc1 {[%clk 0:20:23]} Qh5
{[%clk 0:03:32]} 35. Kf1 {[%clk 0:20:25]} Qxh2 {[%clk 0:01:23]} 36. Ke1 {[%clk
0:20:36]} Bf8 {[%clk 0:01:27]} 37. Qa7 {[%clk 0:20:29]} Rb7 {[%clk 0:01:41]}
0-1

[Event "Deutsche Ländermeisterschaft 2017"]
[Site "Hannover GER"]
[Date "2017.09.30"]
[Round "1"]
[White "Lagunow, Raphael"]
[Black "Delere, Adrian"]
[Result "1-0"]
[Termination "normal"]
[Board "4.3"]
[WhiteTitle "FM"]
[WhiteElo "2357"]
[BlackElo "1872"]
[WhiteClock "00:53:56"]
[BlackClock "00:16:26"]
[WhiteTeam "Berlin"]
[BlackTeam "Nordrhein-Westfalen"]
[PlyCount "45"]
[WhiteFideId "24652644"]
[BlackFideId "12990400"]
[EventCountry "GER"]
[EventRounds "7"]
[EventType "team-swiss"]
[EventDate "2017.09.29"]

1. e4 {[%clk 1:30:55]} e5 {[%clk 1:30:58]} 2. Nf3 {[%clk 1:31:17]} Nc6 {[%clk
1:31:24]} 3. Bc4 {[%clk 1:31:37]} Bc5 {[%clk 1:31:44]} 4. c3 {[%clk 1:31:59]}
Nf6 {[%clk 1:32:04]} 5. d3 {[%clk 1:32:23]} a5 {[%clk 1:29:08]} 6. O-O {[%clk
1:32:27]} O-O {[%clk 1:29:28]} 7. d4 {[%clk 1:32:09]} exd4 {[%clk 1:29:22]} 8.
cxd4 {[%clk 1:32:21]} Bb6 {[%clk 1:25:25]} 9. d5 {[%clk 1:32:05]} Ne7 {[%clk
1:24:39]} 10. e5 {[%clk 1:32:00]} Ne4 {[%clk 1:24:18]} 11. Qc2 {[%clk 1:25:13]}
Nc5 {[%clk 1:23:13]} 12. d6 {[%clk 1:22:54]} Ng6 {[%clk 1:18:28]} 13. Nc3
{[%clk 1:14:29]} Nh4 {[%clk 1:03:56]} 14. Nxh4 {[%clk 1:12:34]} Qxh4 {[%clk
1:04:19]} 15. Nd5 {[%clk 1:12:54]} Qd4 {[%clk 0:55:52]} 16. Re1 {[%clk
1:08:52]} Kh8 {[%clk 0:22:18]} 17. Be3 {[%clk 1:06:52]} Qg4 {[%clk 0:21:53]}
18. Be2 {[%clk 1:00:26]} Qe6 {[%clk 0:20:12]} 19. Rad1 {[%clk 0:58:19]} Na6
{[%clk 0:18:04]} 20. Bxb6 {[%clk 0:57:50]} cxb6 {[%clk 0:18:25]} 21. Bxa6
{[%clk 0:53:54]} Rxa6 {[%clk 0:18:36]} 22. Nc7 {[%clk 0:53:34]} Qxa2 {[%clk
0:16:26]} 23. Ra1 {[%clk 0:53:56]} 1-0

[Event "Deutsche Ländermeisterschaft 2017"]
[Site "Hannover GER"]
[Date "2017.09.30"]
[Round "1"]
[White "Arakelian, Aik"]
[Black "Wiesner, Paula"]
[Result "0-1"]
[Termination "normal"]
[Board "4.4"]
[WhiteElo "1762"]
[BlackElo "2013"]
[WhiteClock "00:31:34"]
[BlackClock "00:13:04"]
[WhiteTeam "Nordrhein-Westfalen"]
[BlackTeam "Berlin"]
[PlyCount "78"]
[WhiteFideId "16220340"]
[BlackFideId "24654019"]
[EventCountry "GER"]
[EventRounds "7"]
[EventType "team-swiss"]
[EventDate "2017.09.29"]

1. e4 {[%clk 1:30:40]} e6 {[%clk 1:30:57]} 2. d4 {[%clk 1:31:02]} d5 {[%clk
1:31:24]} 3. exd5 {[%clk 1:31:12]} exd5 {[%clk 1:31:51]} 4. Nf3 {[%clk
1:31:13]} Nf6 {[%clk 1:30:12]} 5. Bd3 {[%clk 1:31:09]} Be7 {[%clk 1:29:21]} 6.
h3 {[%clk 1:31:22]} O-O {[%clk 1:27:53]} 7. O-O {[%clk 1:31:15]} c5 {[%clk
1:26:50]} 8. dxc5 {[%clk 1:30:20]} Bxc5 {[%clk 1:24:31]} 9. Nbd2 {[%clk
1:29:05]} Nc6 {[%clk 1:20:08]} 10. Nb3 {[%clk 1:27:36]} Bb6 {[%clk 1:18:22]}
11. c3 {[%clk 1:24:58]} Qd6 {[%clk 1:09:05]} 12. Re1 {[%clk 1:21:13]} Bxh3
{[%clk 1:03:47]} 13. gxh3 {[%clk 1:12:01]} Qg3+ {[%clk 1:02:50]} 14. Kh1 {[%clk
1:12:22]} Bxf2 {[%clk 0:59:20]} 15. Rf1 {[%clk 1:02:38]} Qxh3+ {[%clk 0:54:44]}
16. Nh2 {[%clk 1:02:58]} Bg3 {[%clk 0:53:36]} 17. Qe2 {[%clk 1:00:17]} Bxh2
{[%clk 0:49:37]} 18. Qxh2 {[%clk 1:00:08]} Qxd3 {[%clk 0:49:57]} 19. Rxf6
{[%clk 0:51:53]} Qe4+ {[%clk 0:43:06]} 20. Kg1 {[%clk 0:52:03]} gxf6 {[%clk
0:39:34]} 21. Bh6 {[%clk 0:50:26]} Rfe8 {[%clk 0:33:51]} 22. Nc5 {[%clk
0:49:13]} Qg4+ {[%clk 0:32:06]} 23. Kh1 {[%clk 0:43:51]} Qf3+ {[%clk 0:31:08]}
24. Qg2+ {[%clk 0:43:43]} Qxg2+ {[%clk 0:31:34]} 25. Kxg2 {[%clk 0:44:05]} Kh8
{[%clk 0:30:20]} 26. Nxb7 {[%clk 0:39:57]} Rg8+ {[%clk 0:29:02]} 27. Kf3 {[%clk
0:39:15]} Ne5+ {[%clk 0:28:13]} 28. Ke2 {[%clk 0:35:54]} Rab8 {[%clk 0:24:02]}
29. Nd6 {[%clk 0:34:46]} Rxb2+ {[%clk 0:24:27]} 30. Kf1 {[%clk 0:34:36]} Rh2
{[%clk 0:22:51]} 31. Bc1 {[%clk 0:32:51]} Rh1+ {[%clk 0:18:44]} 32. Ke2 {[%clk
0:33:07]} Rg2+ {[%clk 0:18:44]} 33. Ke3 {[%clk 0:33:24]} Rgg1 {[%clk 0:13:47]}
34. Rb1 {[%clk 0:30:45]} Rxc1 {[%clk 0:13:34]} 35. Rb8+ {[%clk 0:31:04]} Kg7
{[%clk 0:14:00]} 36. Nf5+ {[%clk 0:31:25]} Kg6 {[%clk 0:14:24]} 37. Ne7+ {[%clk
0:31:30]} Kh5 {[%clk 0:14:13]} 38. Nxd5 {[%clk 0:31:26]} Rce1+ {[%clk 0:12:45]}
39. Kd4 {[%clk 0:31:34]} Nc6+ {[%clk 0:13:04]} 0-1

[Event "Deutsche Ländermeisterschaft 2017"]
[Site "Hannover GER"]
[Date "2017.09.30"]
[Round "1"]
[White "Bui, Bao Anh Le"]
[Black "Müdder, Melanie"]
[Result "1-0"]
[Termination "normal"]
[Board "4.5"]
[WhiteElo "1896"]
[BlackElo "1798"]
[WhiteClock "00:03:13"]
[BlackClock "00:03:41"]
[WhiteTeam "Berlin"]
[BlackTeam "Nordrhein-Westfalen"]
[PlyCount "74"]
[WhiteFideId "12970719"]
[BlackFideId "12994103"]
[EventCountry "GER"]
[EventRounds "7"]
[EventType "team-swiss"]
[EventDate "2017.09.29"]

1. e4 {[%clk 1:30:52]} c5 {[%clk 1:30:54]} 2. Nf3 {[%clk 1:31:20]} Nc6 {[%clk
1:31:12]} 3. d4 {[%clk 1:31:46]} cxd4 {[%clk 1:31:33]} 4. Nxd4 {[%clk 1:32:12]}
e5 {[%clk 1:31:34]} 5. Nb5 {[%clk 1:32:37]} d6 {[%clk 1:31:25]} 6. N1c3 {[%clk
1:31:48]} a6 {[%clk 1:31:26]} 7. Na3 {[%clk 1:31:40]} Be7 {[%clk 1:30:54]} 8.
Nd5 {[%clk 1:30:40]} Nf6 {[%clk 1:30:26]} 9. Be3 {[%clk 1:19:23]} O-O {[%clk
1:14:58]} 10. Nxf6+ {[%clk 1:15:54]} Bxf6 {[%clk 1:14:39]} 11. Nc4 {[%clk
1:10:13]} Be7 {[%clk 1:05:58]} 12. Bb6 {[%clk 0:59:38]} Qd7 {[%clk 1:02:45]}
13. Ne3 {[%clk 0:54:15]} Kh8 {[%clk 0:58:28]} 14. Qd2 {[%clk 0:50:34]} Bd8
{[%clk 0:52:18]} 15. Nc4 {[%clk 0:47:55]} Rb8 {[%clk 0:48:18]} 16. O-O-O {[%clk
0:45:53]} Bxb6 {[%clk 0:32:17]} 17. Nxb6 {[%clk 0:45:41]} Qe7 {[%clk 0:23:05]}
18. Qxd6 {[%clk 0:37:40]} Qg5+ {[%clk 0:22:32]} 19. Qd2 {[%clk 0:36:00]} Qg6
{[%clk 0:21:30]} 20. f3 {[%clk 0:30:11]} Be6 {[%clk 0:18:07]} 21. Bc4 {[%clk
0:20:42]} Nd4 {[%clk 0:16:16]} 22. c3 {[%clk 0:16:36]} Bxc4 {[%clk 0:12:28]}
23. Nxc4 {[%clk 0:16:21]} Rbc8 {[%clk 0:09:58]} 24. Nxe5 {[%clk 0:07:16]} Qe6
{[%clk 0:08:49]} 25. Qxd4 {[%clk 0:06:38]} Qxa2 {[%clk 0:08:47]} 26. Qd5 {[%clk
0:05:48]} Qa1+ {[%clk 0:06:14]} 27. Kc2 {[%clk 0:06:06]} Qa4+ {[%clk 0:06:14]}
28. Qb3 {[%clk 0:05:56]} Qe8 {[%clk 0:05:36]} 29. Rd5 {[%clk 0:05:51]} b5
{[%clk 0:05:30]} 30. Nd7 {[%clk 0:05:43]} Rg8 {[%clk 0:05:11]} 31. Rhd1 {[%clk
0:05:41]} Rc7 {[%clk 0:04:51]} 32. Ne5 {[%clk 0:05:01]} Rf8 {[%clk 0:04:12]}
33. Qb4 {[%clk 0:02:50]} Rc8 {[%clk 0:03:13]} 34. Qxf8+ {[%clk 0:01:56]} Qxf8
{[%clk 0:03:05]} 35. Rd8 {[%clk 0:02:22]} Rxd8 {[%clk 0:03:18]} 36. Rxd8 {[%clk
0:02:47]} Qxd8 {[%clk 0:03:41]} 37. Nxf7+ {[%clk 0:03:13]} Qd5 1-0

[Event "Deutsche Ländermeisterschaft 2017"]
[Site "Hannover GER"]
[Date "2017.09.30"]
[Round "1"]
[White "Rudolph, Eva"]
[Black "Schnabel, Luise"]
[Result "0-1"]
[Termination "normal"]
[Board "4.6"]
[WhiteElo "1763"]
[BlackElo "1672"]
[WhiteClock "00:00:37"]
[BlackClock "00:00:42"]
[WhiteTeam "Nordrhein-Westfalen"]
[BlackTeam "Berlin"]
[PlyCount "80"]
[WhiteFideId "16200594"]
[BlackFideId "12943347"]
[EventCountry "GER"]
[EventRounds "7"]
[EventType "team-swiss"]
[EventDate "2017.09.29"]

1. e4 {[%clk 1:30:57]} Nf6 {[%clk 1:30:50]} 2. e5 {[%clk 1:31:19]} Nd5 {[%clk
1:31:12]} 3. d4 {[%clk 1:31:13]} d6 {[%clk 1:31:30]} 4. c4 {[%clk 1:31:16]} Nb6
{[%clk 1:31:53]} 5. exd6 {[%clk 1:30:55]} cxd6 {[%clk 1:32:14]} 6. Nc3 {[%clk
1:30:07]} g6 {[%clk 1:31:57]} 7. Bd3 {[%clk 1:29:35]} Bg7 {[%clk 1:29:24]} 8.
Be3 {[%clk 1:29:11]} O-O {[%clk 1:27:13]} 9. Nge2 {[%clk 1:29:07]} Nc6 {[%clk
1:26:05]} 10. O-O {[%clk 1:27:47]} Nb4 {[%clk 1:17:31]} 11. b3 {[%clk 1:23:54]}
Nxd3 {[%clk 1:15:47]} 12. Qxd3 {[%clk 1:24:08]} Bd7 {[%clk 0:53:54]} 13. Rac1
{[%clk 1:19:15]} Be8 {[%clk 0:45:45]} 14. Rfe1 {[%clk 1:12:08]} d5 {[%clk
0:43:04]} 15. c5 {[%clk 1:06:03]} Nc8 {[%clk 0:43:02]} 16. b4 {[%clk 1:00:44]}
e6 {[%clk 0:36:49]} 17. b5 {[%clk 0:46:13]} Ne7 {[%clk 0:29:41]} 18. Bf4 {[%clk
0:43:15]} Nf5 {[%clk 0:20:23]} 19. h3 {[%clk 0:35:47]} g5 {[%clk 0:07:19]} 20.
Bh2 {[%clk 0:35:39]} h5 {[%clk 0:04:18]} 21. Nd1 {[%clk 0:26:27]} Qa5 {[%clk
0:02:50]} 22. Ndc3 {[%clk 0:23:58]} Qd8 {[%clk 0:01:51]} 23. Rc2 {[%clk
0:21:21]} g4 {[%clk 0:01:22]} 24. hxg4 {[%clk 0:16:47]} hxg4 {[%clk 0:01:43]}
25. Bf4 {[%clk 0:16:53]} Qh4 {[%clk 0:01:15]} 26. Nd1 {[%clk 0:14:23]} Bh6
{[%clk 0:01:14]} 27. Bc7 {[%clk 0:10:48]} Kg7 {[%clk 0:01:04]} 28. Ng3 {[%clk
0:09:34]} Nxg3 {[%clk 0:01:06]} 29. Bxg3 {[%clk 0:09:20]} Qh5 {[%clk 0:01:18]}
30. c6 {[%clk 0:07:12]} bxc6 {[%clk 0:01:16]} 31. bxc6 {[%clk 0:07:24]} Rh8
{[%clk 0:01:16]} 32. Kf1 {[%clk 0:03:29]} Qh1+ {[%clk 0:00:58]} 33. Ke2 {[%clk
0:03:52]} Qxg2 {[%clk 0:01:04]} 34. c7 {[%clk 0:02:24]} Rc8 {[%clk 0:01:07]}
35. Nc3 {[%clk 0:01:40]} Bg5 {[%clk 0:00:50]} 36. Rb2 {[%clk 0:01:08]} Rh3
{[%clk 0:00:45]} 37. Rb8 {[%clk 0:00:36]} Rxc7 {[%clk 0:00:39]} 38. Rxe8 {[%clk
0:00:56]} Bf4 {[%clk 0:00:49]} 39. Qc2 {[%clk 0:00:42]} Qf3+ {[%clk 0:00:42]}
40. Kf1 {[%clk 0:00:37]} Rh1# 0-1

[Event "Deutsche Ländermeisterschaft 2017"]
[Site "Hannover GER"]
[Date "2017.09.30"]
[Round "1"]
[White "Tham, Nam"]
[Black "Möller, Lisa-Marie"]
[Result "1-0"]
[Termination "normal"]
[Board "4.7"]
[WhiteElo "1683"]
[BlackElo "1838"]
[WhiteClock "00:21:01"]
[BlackClock "00:00:36"]
[WhiteTeam "Berlin"]
[BlackTeam "Nordrhein-Westfalen"]
[PlyCount "67"]
[WhiteFideId "12997331"]
[BlackFideId "12959367"]
[EventCountry "GER"]
[EventRounds "7"]
[EventType "team-swiss"]
[EventDate "2017.09.29"]

1. e4 {[%clk 1:30:57]} c5 {[%clk 1:30:52]} 2. Nf3 {[%clk 1:31:15]} e6 {[%clk
1:31:09]} 3. d4 {[%clk 1:31:39]} cxd4 {[%clk 1:31:30]} 4. Nxd4 {[%clk 1:32:00]}
a6 {[%clk 1:31:44]} 5. Nc3 {[%clk 1:32:15]} b5 {[%clk 1:31:48]} 6. a3 {[%clk
1:32:39]} Bb7 {[%clk 1:30:50]} 7. g3 {[%clk 1:31:44]} Nf6 {[%clk 1:23:10]} 8.
Bg2 {[%clk 1:31:20]} b4 {[%clk 1:17:47]} 9. axb4 {[%clk 1:27:06]} Bxb4 {[%clk
1:15:47]} 10. Qd3 {[%clk 1:25:16]} Nc6 {[%clk 1:05:42]} 11. O-O {[%clk
1:22:47]} Ne5 {[%clk 1:00:12]} 12. Qe2 {[%clk 1:22:00]} Bxc3 {[%clk 0:55:59]}
13. bxc3 {[%clk 1:22:17]} Qc7 {[%clk 0:54:13]} 14. Bf4 {[%clk 1:12:50]} d6
{[%clk 0:50:44]} 15. Rab1 {[%clk 1:06:39]} O-O {[%clk 0:45:24]} 16. Rfd1 {[%clk
1:04:18]} Rab8 {[%clk 0:36:46]} 17. Bg5 {[%clk 0:52:41]} Ned7 {[%clk 0:30:10]}
18. f3 {[%clk 0:41:55]} Qxc3 {[%clk 0:26:08]} 19. Rd3 {[%clk 0:41:14]} Qc7
{[%clk 0:23:49]} 20. Nb3 {[%clk 0:38:06]} Bc6 {[%clk 0:21:07]} 21. Qd2 {[%clk
0:36:35]} d5 {[%clk 0:17:29]} 22. Re1 {[%clk 0:35:43]} dxe4 {[%clk 0:15:49]}
23. fxe4 {[%clk 0:35:59]} Qb7 {[%clk 0:11:43]} 24. Na5 {[%clk 0:29:53]} Qa8
{[%clk 0:02:58]} 25. Nxc6 {[%clk 0:26:22]} Qxc6 {[%clk 0:03:17]} 26. e5 {[%clk
0:26:25]} Nd5 {[%clk 0:02:13]} 27. Bxd5 {[%clk 0:26:21]} exd5 {[%clk 0:02:35]}
28. Rxd5 {[%clk 0:26:45]} Nb6 {[%clk 0:02:07]} 29. Rd6 {[%clk 0:26:23]} Qb5
{[%clk 0:01:10]} 30. Rd4 {[%clk 0:22:55]} h6 {[%clk 0:00:52]} 31. Bxh6 {[%clk
0:19:56]} gxh6 {[%clk 0:00:38]} 32. Qxh6 {[%clk 0:20:15]} Qc5 {[%clk 0:00:41]}
33. Ree4 {[%clk 0:20:36]} f6 {[%clk 0:00:36]} 34. Qg6+ {[%clk 0:21:01]} 1-0

[Event "Deutsche Ländermeisterschaft 2017"]
[Site "Hannover GER"]
[Date "2017.09.30"]
[Round "1"]
[White "Bashylina, Luisa"]
[Black "Zhou, Lepu Coco"]
[Result "1/2-1/2"]
[Termination "normal"]
[Board "4.8"]
[WhiteElo "1619"]
[BlackElo "1585"]
[WhiteTeam "Nordrhein-Westfalen"]
[BlackTeam "Berlin"]
[PlyCount "49"]
[WhiteFideId "12983292"]
[BlackFideId "16217136"]
[EventCountry "GER"]
[EventRounds "7"]
[EventType "team-swiss"]
[EventDate "2017.09.29"]

1. e4 e5 2. Nf3 Nc6 3. d4 exd4 4. Nxd4 Nf6 5. Nxc6 bxc6 6. Bd3 d5 7. e5 Qe7 8.
O-O Qxe5 9. Re1 Ne4 10. Bxe4 dxe4 11. Nd2 Bf5 12. Qe2 Bd6 13. Nf3 Qe6 14. Nd4
Qe5 15. Nf3 exf3 16. Qxe5+ Bxe5 17. Rxe5+ Be6 18. gxf3 Rd8 19. Re1 O-O 20. Be3
a6 21. Rad1 Rd5 22. Bf4 Rc8 23. Rxd5 cxd5 24. Re3 c5 25. Ra3 1/2-1/2

[Event "Deutsche Ländermeisterschaft 2017"]
[Site "Hannover GER"]
[Date "2017.09.30"]
[Round "1"]
[White "Focke, Adrian"]
[Black "Bethke, Richard"]
[Result "0-1"]
[Termination "normal"]
[Board "5.1"]
[WhiteElo "1768"]
[BlackElo "2153"]
[WhiteClock "00:14:22"]
[BlackClock "00:38:39"]
[WhiteTeam "Mecklenburg-Vorpommern"]
[BlackTeam "Hessen"]
[PlyCount "108"]
[WhiteFideId "12969869"]
[BlackFideId "12959243"]
[EventCountry "GER"]
[EventRounds "7"]
[EventType "team-swiss"]
[EventDate "2017.09.29"]

1. e4 {[%clk 1:30:56]} e5 {[%clk 1:30:53]} 2. Nf3 {[%clk 1:31:09]} Nc6 {[%clk
1:31:19]} 3. Bb5 {[%clk 1:31:03]} a6 {[%clk 1:31:44]} 4. Bxc6 {[%clk 1:30:51]}
dxc6 {[%clk 1:32:09]} 5. O-O {[%clk 1:30:38]} f6 {[%clk 1:31:47]} 6. d4 {[%clk
1:30:38]} exd4 {[%clk 1:31:44]} 7. Nxd4 {[%clk 1:30:34]} c5 {[%clk 1:31:31]} 8.
Nb3 {[%clk 1:30:21]} Qxd1 {[%clk 1:30:21]} 9. Rxd1 {[%clk 1:28:56]} Bg4 {[%clk
1:30:39]} 10. f3 {[%clk 1:28:35]} Bd7 {[%clk 1:30:45]} 11. Bf4 {[%clk 1:27:27]}
O-O-O {[%clk 1:29:51]} 12. Nc3 {[%clk 1:26:47]} g5 {[%clk 1:24:07]} 13. Bg3
{[%clk 1:25:48]} Be6 {[%clk 1:21:50]} 14. Rxd8+ {[%clk 1:21:04]} Kxd8 {[%clk
1:22:15]} 15. Rd1+ {[%clk 1:16:45]} Kc8 {[%clk 1:22:31]} 16. Kf1 {[%clk
1:07:01]} b6 {[%clk 1:22:07]} 17. Nd5 {[%clk 1:00:38]} Bxd5 {[%clk 1:21:53]}
18. Rxd5 {[%clk 1:00:40]} c4 {[%clk 1:19:09]} 19. Nc1 {[%clk 0:58:42]} Ne7
{[%clk 1:19:04]} 20. Rd1 {[%clk 0:57:50]} Bg7 {[%clk 1:15:09]} 21. c3 {[%clk
0:56:12]} f5 {[%clk 1:13:48]} 22. Ne2 {[%clk 0:42:17]} fxe4 {[%clk 1:10:49]}
23. fxe4 {[%clk 0:42:10]} Nc6 {[%clk 1:06:30]} 24. Nd4 {[%clk 0:36:32]} Rd8
{[%clk 1:06:11]} 25. e5 {[%clk 0:28:10]} Bxe5 {[%clk 1:03:04]} 26. Bxe5 {[%clk
0:25:58]} Nxe5 {[%clk 1:03:28]} 27. Ke2 {[%clk 0:24:51]} Nd3 {[%clk 1:02:54]}
28. Rf1 {[%clk 0:21:26]} Nf4+ {[%clk 0:59:48]} 29. Kf3 {[%clk 0:20:15]} Rf8
{[%clk 0:57:30]} 30. Ke4 {[%clk 0:18:09]} c5 {[%clk 0:56:19]} 31. Nf5 {[%clk
0:15:14]} Re8+ {[%clk 0:50:33]} 32. Kf3 {[%clk 0:14:53]} Re6 {[%clk 0:50:48]}
33. Rf2 {[%clk 0:10:14]} h5 {[%clk 0:45:29]} 34. Rd2 {[%clk 0:07:12]} Nd3
{[%clk 0:44:46]} 35. Ng7 {[%clk 0:06:14]} Rh6 {[%clk 0:35:38]} 36. Ke4 {[%clk
0:05:34]} b5 {[%clk 0:28:17]} 37. Kf5 {[%clk 0:04:05]} g4 {[%clk 0:21:59]} 38.
a3 {[%clk 0:03:23]} Rd6 {[%clk 0:19:39]} 39. Kg5 {[%clk 0:01:45]} Rd5+ {[%clk
0:19:30]} 40. Kh4 {[%clk 0:01:31]} a5 {[%clk 0:14:58]} 41. Nxh5 {[%clk
0:25:24]} Nf4 {[%clk 0:43:46]} 42. Rxd5 {[%clk 0:24:03]} Nxd5 {[%clk 0:44:11]}
43. Kxg4 {[%clk 0:23:49]} Nxc3 {[%clk 0:40:12]} 44. Kf3 {[%clk 0:14:55]} b4
{[%clk 0:39:06]} 45. Ke3 {[%clk 0:14:21]} Nd1+ {[%clk 0:37:26]} 46. Kd2 {[%clk
0:14:32]} Nxb2 {[%clk 0:37:51]} 47. Ng3 {[%clk 0:13:41]} bxa3 {[%clk 0:36:35]}
48. Kc2 {[%clk 0:13:59]} Nd3 {[%clk 0:36:59]} 49. Kb1 {[%clk 0:14:03]} c3
{[%clk 0:37:21]} 50. Ne2 {[%clk 0:12:52]} c2+ {[%clk 0:37:39]} 51. Ka2 {[%clk
0:13:10]} c1=Q {[%clk 0:37:59]} 52. Nxc1 {[%clk 0:13:36]} Nxc1+ {[%clk
0:38:19]} 53. Kxa3 {[%clk 0:14:03]} Ne2 {[%clk 0:38:20]} 54. g4 {[%clk
0:14:22]} Kd7 {[%clk 0:38:39]} 0-1

[Event "Deutsche Ländermeisterschaft 2017"]
[Site "Hannover GER"]
[Date "2017.09.30"]
[Round "1"]
[White "Weber, Samuel"]
[Black "Lange, Jannis"]
[Result "1-0"]
[Termination "normal"]
[Board "5.2"]
[WhiteElo "2240"]
[BlackElo "1920"]
[WhiteClock "00:20:56"]
[BlackClock "00:29:45"]
[WhiteTeam "Hessen"]
[BlackTeam "Mecklenburg-Vorpommern"]
[PlyCount "95"]
[WhiteFideId "12924008"]
[BlackFideId "12993107"]
[EventCountry "GER"]
[EventRounds "7"]
[EventType "team-swiss"]
[EventDate "2017.09.29"]

1. e4 {[%clk 1:30:56]} c5 {[%clk 1:30:54]} 2. Nf3 {[%clk 1:31:18]} Nc6 {[%clk
1:31:19]} 3. Bb5 {[%clk 1:31:32]} e6 {[%clk 1:30:38]} 4. O-O {[%clk 1:30:14]}
Nge7 {[%clk 1:29:25]} 5. c3 {[%clk 1:29:18]} a6 {[%clk 1:20:08]} 6. Ba4 {[%clk
0:59:42]} d5 {[%clk 1:12:09]} 7. exd5 {[%clk 0:59:21]} Qxd5 {[%clk 1:11:37]} 8.
d4 {[%clk 0:56:27]} Ng6 {[%clk 0:45:08]} 9. Re1 {[%clk 0:41:07]} Be7 {[%clk
0:36:49]} 10. Nbd2 {[%clk 0:29:27]} b5 {[%clk 0:21:47]} 11. Bb3 {[%clk
0:29:20]} Qd7 {[%clk 0:16:46]} 12. dxc5 {[%clk 0:16:47]} Bxc5 {[%clk 0:16:32]}
13. Ne4 {[%clk 0:11:15]} Be7 {[%clk 0:15:16]} 14. Bg5 {[%clk 0:11:08]} O-O
{[%clk 0:13:04]} 15. Qe2 {[%clk 0:09:02]} Qc7 {[%clk 0:10:55]} 16. Rad1 {[%clk
0:07:49]} Bb7 {[%clk 0:10:00]} 17. Bxe7 {[%clk 0:05:31]} Ncxe7 {[%clk 0:10:13]}
18. Nd6 {[%clk 0:04:35]} Bd5 {[%clk 0:09:50]} 19. Ne4 {[%clk 0:03:17]} Rad8
{[%clk 0:05:01]} 20. Qe3 {[%clk 0:02:26]} Bxb3 {[%clk 0:03:42]} 21. axb3 {[%clk
0:02:52]} Rxd1 {[%clk 0:04:06]} 22. Rxd1 {[%clk 0:03:18]} Rd8 {[%clk 0:04:15]}
23. Ra1 {[%clk 0:02:47]} Ra8 {[%clk 0:02:55]} 24. Qc5 {[%clk 0:02:56]} Nd5
{[%clk 0:01:11]} 25. Nd4 {[%clk 0:01:21]} Nge7 {[%clk 0:00:50]} 26. Nxb5 {[%clk
0:00:54]} Qxc5 {[%clk 0:00:52]} 27. Nxc5 {[%clk 0:01:23]} Rb8 {[%clk 0:00:50]}
28. Rxa6 {[%clk 0:01:35]} g6 {[%clk 0:00:52]} 29. c4 {[%clk 0:01:06]} Nb4
{[%clk 0:01:12]} 30. Rd6 {[%clk 0:01:00]} Ra8 {[%clk 0:01:21]} 31. Na4 {[%clk
0:00:51]} Nec6 {[%clk 0:01:24]} 32. Nbc3 {[%clk 0:00:42]} Ne5 {[%clk 0:00:50]}
33. h3 {[%clk 0:00:43]} Ned3 {[%clk 0:00:54]} 34. Nb5 {[%clk 0:00:38]} Kf8
{[%clk 0:00:55]} 35. Nd4 Ke7 {[%clk 0:00:57]} 36. Rb6 {[%clk 0:01:06]} Rc8
{[%clk 0:01:16]} 37. Rb7+ {[%clk 0:01:03]} Kf6 {[%clk 0:01:21]} 38. Nb6 {[%clk
0:00:53]} Rd8 {[%clk 0:01:37]} 39. Nd7+ {[%clk 0:00:50]} Kg7 {[%clk 0:01:05]}
40. Nf3 {[%clk 0:00:39]} Na6 {[%clk 0:01:08]} 41. Nde5 {[%clk 0:25:40]} Nxe5
{[%clk 0:29:19]} 42. Nxe5 {[%clk 0:26:08]} Rd1+ {[%clk 0:29:29]} 43. Kh2 {[%clk
0:26:33]} Kf6 {[%clk 0:29:47]} 44. Nd7+ {[%clk 0:25:44]} Kf5 {[%clk 0:29:21]}
45. b4 {[%clk 0:24:57]} Rd2 {[%clk 0:29:33]} 46. b5 {[%clk 0:20:34]} Nb4 {[%clk
0:29:56]} 47. Nc5 {[%clk 0:20:56]} Nc2 {[%clk 0:29:45]} 48. Rxf7+ 1-0